000 00343nam a22001337a 4500
008 180907b xxu||||| |||| 00| 0 eng d
020 _a9780938529200
041 _aeng
080 _26 ED
_a338
100 _a54
101 _aMAN
245 _aSuccessful Develop Yourself Managers Coach Others Handbook
_cgEBELEIN.S.H
942 _2udc
_cBK
999 _c47611
_d47611